La filosofía como modo de vida en Albert Camus /

Detalles Bibliográficos
Autor principal: Moreno León, Angelo (Autor)
Formato: Electrónico eBook
Lenguaje:español
Publicado: Bogotá : Editorial Aula de Humanidades, 2024.
Edición:Primera edición.
Colección:Colección Filosofía (Editorial Aula de Humanidades). Serie ¡Enseñar Filosofía!.
Materias:
Acceso en línea:Digitalia Hispánica

MARC

LEADER 00000nam a2200000 i 4500
001 DIGAUHUM0034
003 NyNyDIG
007 cr |||||||||||
008 250501s2024 ck ob 000 0 spa d
006 m o d
035 |a (OCoLC)1519502880 
040 |a DGITA  |b eng  |e rda  |e pn  |c DGITA 
020 |a 9786287700574  |q (versión digital) 
020 |z 9786287700567  |q (versión impresa) 
050 1 4 |a B2430.C35 ebook 
100 1 |a Moreno León, Angelo,  |e author. 
245 1 3 |a La filosofía como modo de vida en Albert Camus /  |c Angelo Moreno León. 
250 |a Primera edición. 
264 1 |a Bogotá :  |b Editorial Aula de Humanidades,  |c 2024. 
300 |a 1 online resource. 
336 |a text  |b txt  |2 rdacontent 
337 |a computer  |b c  |2 rdamedia 
338 |a online resource  |b cr  |2 rdacarrier 
347 |a text file  |2 rdaft 
347 |b PDF 
490 1 |a Colección: Filosofía. Serie ¡Enseñar Filosofía! 
504 |a Includes bibliographical references and indexes. 
588 0 |a Online resource; title from PDF title page (Digitalia, viewed May 1, 2025) 
600 1 0 |a Camus, Albert,  |d 1913-1960  |x Criticism and interpretation. 
650 0 |a Absurd (Philosophy) 
650 0 |a Existentialism. 
791 2 |a Digitalia (Firm),  |e distributor. 
793 0 |g Digitalia eBook Collection:  |a Editorial Aula de Humanidades 
776 0 8 |i Print version:  |a Moreno León, Angelo.  |t Filosofía como modo de vida en Albert Camus.  |b Primera edición.  |d Bogotá : Editorial Aula de Humanidades, [2024]  |z 9786287700567 
830 0 |a Colección Filosofía (Editorial Aula de Humanidades).  |p Serie ¡Enseñar Filosofía!. 
856 4 0 |3 Digitalia Hispánica  |u https://www.digitaliapublishing.com/a/170622/ 
910 |a Premium collection: 2025